000 00679nam a2200217 u 4500
005 20240831063741.0
008 111109s2002 es r 000 0 spa d
020 _a8495129590
035 _aUPN01000182457
049 _aI
050 4 _aPZ75
_bR8.8
100 1 _aRubio Herrero, Antonio
245 1 0 _a28 Cuent-fidencias /
_cAntonio Rubio Herrero ; il. de Carles Arbat Serarols.
260 _aMálaga, Esp. :
_bSarriá,
_c2002.
300 _a79 p. :
_bil. col.
440 0 _aLeones ;
_v13.
_pInfantil/Juvenil. A partir de 6 años
650 4 _aCuentos infantiles españoles
_97725
650 4 _aLibros y lectura para niños
_92290
905 _aInfantil
999 _c154560
_d154560